000 00505nam a2200145Ia 4500
008 090124s9999 xx 000 0 und d
082 _b300209
245 _a लोकांचा राजा शाहू महाराज
250 _a1
260 _bटोळ दत्ता श्री.
_c1974
300 _a52
630 _a लोकांचा राजा शाहू महाराज
730 _a लोकांचा राजा शाहू महाराज
942 _cBOOK
999 _c189765
_d189765